Humana conditio: consideraciones en torno a la evolución de la humanidad

Sparad:
Bibliografiska uppgifter
Huvudupphovsman: Elías, Norbert 1897-1990 (Författare, medförfattare)
Materialtyp: Bok
Språk:spanska
Publicerad: Barcelona Península 2002
Upplaga:1a. ed
Ämnen:
Taggar: Lägg till en tagg
Inga taggar, Lägg till första taggen!

MARC

LEADER 00000nam a2200000 a 4500
001 UCH1825
003 CL-VaPUC
008 090514e20020000SP |||||||||||||||||spa|d
020 |a 8483074435 
082 0 4 |a 301  |b ELI  |2 21 
100 |a Elías, Norbert   |d 1897-1990  |e author  |9 471103 
245 1 0 |a Humana conditio: consideraciones en torno a la evolución de la humanidad 
250 |a 1a. ed 
300 |a 172 p 
942 |c BK 
945 |d 20090514 00:00:00  |a rbrito 
260 |a Barcelona  |b Península  |c 2002 
650 0 |a Sociología   |9 255410 
583 |a last modification  |c 20090514 00:00:00  |k Rodrigo Vera 
999 |c 333722  |d 333720